000 00821nam a2200253 a 4500
001 24862
003 CO-ViMGA
005 20230915232021.0
008 141112s2004 ck r 000 u spa d
020 _a9786077071105
040 _aCO-ViMGA
_bspa
_cCO-ViMGA
041 _aspa
082 0 4 _a005.276 P19c
100 1 _aPavón Puertas, Jacobo.
_931531
245 1 0 _aCreación de un portal con PHP y MySQL /
_cJacobo Pavón Puertas.
250 _a4a. ed.
260 _aMéxico :
_bRa - Ma :
_bAlfaomega,
_c2011.
300 _a267 p. : il. ; 23 cm.
490 _aNavegar en internet
500 _aGlosario : p. 256 - 263.
650 1 4 _aProgramación por internet.
852 _10.688.30
942 _2ddc
_cBK
999 _c32662
_d32662